000 004920000a22001810004500
003 MACL
005 20160223171742.0
008 160223b xxu||||| |||| 00| 0 eng d
040 _aMACL
_cMACL
041 _aHindi
082 _a800
100 _aमहावीर सिंह गहलोत
_939862
245 _aजमाल दोहावली
260 _bपुस्‍तक भवन
_aकाशी
350 _a1
650 _aLiterature
_939863
942 _cHIN
_k800
_2ddc
999 _c23419
_d23419